[Event "Euwe intern"]
[Site "Amsterdam"]
[Date "2003.10.30"]
[Round "9"]
[White "Wunnink, Michael"]
[Black "Witt, Rob"]
[Result "1/2-1/2"]
[WhiteElo "2204"]
[BlackElo "2266"]
[Annotator "Witt,Rob"]
[PlyCount "45"]

{Hoe weinig kan een mens zien? Soms zie ik absoluut niks. In het volgende
partijtje heb ik na de 10e zet vrijwel geen enkele zet van Michael zien
aankomen of geheel verkeerd beoordeeld. De ellende was al begonnen toen ik in
een bekende stelling waarmee ik zowel met wit als zwart ervaring heb,
achteloos van de gangbare theorie afweek zonder dat ik me dat realiseerde. Pas
na de partij vertelde Michael me tot mijn verbazing dat mijn 8e zet
ongebruikelijk was.} 1. d4 d5 2. c4 Nc6 {De Chigorin. Ik kan het niet laten
dit systeem van tijd tot tijd te spelen. Volgens onze grootste kenner Paul
Janse is het inmiddels nauwelijks speelbaar, al weet ik niet op welke variant
Paul doelt.} 3. Nc3 dxc4 4. Nf3 ({Ik moet zeggen dat ik blij was dat wit niet
koos voor} 4. d5 {want ook daarvan ben ik inmiddels alles vergeten.}) 4... Nf6
5. e4 Bg4 6. Be3 e6 7. Bxc4 Bb4 8. Qc2 {Hiermee is een van de belangrijkste
stellingen ontstaan van de Chigorin. Michael dacht trouwens over zijn laatste
zet vrij lang na. Misschien over het alternatief Dd3 wat ik een keer tegen
Paul Janse gespeeld heb. Met zwart had heb ik deze stelling voor het laatst 2
a 3 jaar geleden gehad in die rampzalige bekerwedstrijd tegen Utrecht.} Bxf3 $2
{De fout die ik in mijn inleiding noemde. Normaal is} (8... O-O 9. Rd1 ({
Minder goed is} 9. O-O-O Bxc3 $1 {Het juiste moment omdat de witte dame e4
moet blijven dekken zodat de witte koningstelling verzwakt wordt.} 10. bxc3 Qe7
)) 9. gxf3 O-O {Nieuw en slecht. Bekend is nog wel 9...De7 wat ook niet best
is.} 10. O-O-O $1 {Nu wel heel sterk. Pion e4 staat inmiddels gedekt. Ik
probeerde te begrijpen waarom de lange rokade minder goed is, maar dat lukte
me natuurlijk niet omdat ik niet doorhad dat we al uit de theorie waren. Ik
snapte gewoon niet waarom ik hier zo slecht stond. Na 10' bedacht ik dat het
paard op f6 niet gepend mocht worden, vandaar mijn volgende zet.} Nd7 $6 (10...
Kh8 {was iets beter geweest omdat de penning toch nog niet dreigt.}) 11. Rhg1
$1 {Ik had eigenlijk 11.d5 verwacht maar dat wordt nog veel sterker in
combinatie met Tg1.} Kh8 $2 {Ik heb hier helemaal geen andere zetten overwogen.
Toch waren die er wel. Bijv.} (11... Re8 {Om Lh6 met Lh8 te kunnen
beantwoorden was in elk geval minder slecht.}) (11... Ne7 {was een andere
mogelijkheid.}) 12. d5 {Zwart staat verloren al had ik dat nog niet direkt
door.} Na5 (12... exd5 13. Nxd5 Bc5 14. Qc3 Rg8 15. Bxc5 Nxc5 16. Nb6 {had ik
nog wel gezien en terecht verworpen.}) 13. Bb5 $6 {Totaal niet naar gekeken.
Het is ook niet zo sterk als} (13. dxe6 $1 Nxc4 14. Rxd7 (14. Bd4 Nf6 {leek
ons nog wel te gaan voor zwart. Maar na} 15. e7 $1 Bxe7 (15... Qxe7 16. Nd5 Qe6
17. Qxc4 {is nog erger.}) 16. Bxf6 Bxf6 17. Rxd8 Raxd8 18. f4 {is zwart in
grote problemen.}) 14... Nxe3 15. fxe3 Qf6 {Tot zover had Michael gekeken en
geconcludeerd dat het toch niet zo duidelijk was. Ik had ook zoiets gedacht
geloof ik. Na de partij vonden we} 16. Nd5 ({Ook sterk maar erg ingewikkeld
lijkt} 16. exf7 Bd6 (16... Qxf3 17. Qg2 $1 ({Onduidelijk is} 17. Nd5 c6) 17...
Qxe3+ 18. Kc2 Bxc3 19. bxc3 g6 20. Rf1 {is ook zeer goed voor wit.}) 17. Nd5
Qe6 18. Qc3 Be5 19. Nxc7 Qf6 {Ongetwijfeld goed voor wit maar vooraf allemaal
moeilijk te taxeren.}) 16... Qxe6 17. Qg2 Rg8 18. Rxc7 {en wit heeft een
pluspion, een sterk paard en een mooie stelling.}) 13... e5 $2 ({Als ik wit's
volgende zet gezien had, zou ik wel gekozen hebben voor} 13... c6 14. dxe6 {
Dit was Michael van plan en het lijkt ook de beste. Ik was bang voor iets
anders, maar kennelijk een fantoom want we konden het niet meer vinden
achteraf.} fxe6 15. Be2 b5 16. Bd4 Rg8 $16 {maar zwart doet nog mee.}) 14. Qa4
$1 {Ook deze zet kwam als een volslagen verrassing voor mij. Ik had alleen
gekeken naar} (14. a3 Bxc3 15. Qxc3 c6 16. dxc6 Nxc6 {en het gaat nog wel voor
zwart.}) 14... Bxc3 {Zwart heeft niks anders. Het is uit.} 15. Bxd7 Bd4 16.
Bxd4 exd4 {Tot mijn verb azing dacht Michael hier nog vrij lang na. Wat zou
hij nu weer verzinnen, anders dan 17.Dxd4 met makkelijk gewonnen stelling.} 17.
Bf5 $4 {Akelig subtiel. eerst b6 afdwingen en dan pas op d4 slaan.} c5 $1 {
Ik wist meteen dat Michael deze zet overzien had. Uit eindelijk speelde hij}
18. b4 {en bood remise aan. Ik antwoordde dat ik dat wel moest aannemen want
ik had bijna al zijn zetten gemist. Dat is wederzijds, antwoordde Michael. Na
een minuut of 5 nadenken concludeerde dat ik nog steeds slechter stond en nam
het aanbod aan. Direkt na afloop dacht Michael ook dat hij in paniek remise
aangeboden had en nog steeds beter stond. Vervolgens vonden we (dit is dus
niet gespeeld)} cxb4 19. Qxb4 Qc7+ 20. Kb1 Nc4 21. Rxd4 b5 {en kregen we het
idee dat zwart misschien wel beter stond. Michael ging zelfs zover dat hij
geluk had gehad dat ik het remiseaanbod aangenomen had. Maar speelbaar
leekvervolgens} 22. Qc3 f6 {en tenslotte denk ik nu een dag later dat wit
gewoon beter staat na} 23. f4 $1 {met de bedoeling Dh3 of Td4-d3-g3/h3. Het is
een wonder dat ik deze partij niet verloren heb.} 1/2-1/2

[Event "Euwe-Paul Keres"]
[Site "Amsterdam"]
[Date "2003.11.22"]
[Round "3"]
[White "Konings, Frans"]
[Black "Witt, Rob"]
[Result "1-0"]
[WhiteElo "2170"]
[BlackElo "2266"]
[Annotator "Witt,Rob"]
[PlyCount "147"]

{Derde ronde KNSB thuis tegen Paul Keres. Ik had donderdagavond nog tegen
Gertjan verkondigd dat ik in een gevaarlijke positie zat. Met 0-2 wil je
natuurlijk de 3e partij winnen. Vaak neem je dan teveel risico's en krijg je
het lid op de neus. Ik zou solide gaan spelen en een eventuele remise niet uit
de weg gaan. Tegen 1.d4 zou ik Damegambiet spelen en tegen 1.e4 Frans waarbij
ik zelfs nog even de Ruilvariant had bekeken waarmee Bor remise maakte tegen
Kuijf. Deze juiste visie was ik echter zaterdag geheel vergeten. Ik begin al
meteen in de opening te improviseren.} 1. d4 d5 2. Nf3 e6 {Geen Pc6 d eze keer
in een poging de Chigorin te bereiken want mijn tegenstander zou toch geen 3.
c4 doen. Dit bevestigde hij ook achteraf.} 3. e3 {Nu herinnerde ik me dat ik
toch een paar partijen van die Konings had gezien waar hij deze opstelling
speelde. Ik heb er met zwart geen ervaring mee en besloot zo snel mogelijk uit
de theorie te gaan.} c5 4. Bd3 Nc6 5. b3 Qa5+ 6. c3 cxd4 7. exd4 g6 $6 {
Deze stelling zul je in geen enkele database vinden en terecht. Normaal is een
opstelling met Pf6 en Le7 of Ld6.} 8. O-O Bg7 9. Bf4 {Ik kende mijn
tegenstander niet. Ik hoopte dat het zo'n diepzeeduiker was die eindeloos zou
gaan nadenken over de kansrijkste opstelling maar helaas was het een vlotte
praktikus. In hoog tempo produceerde hij allemaal logische zetten.} Nge7 $6 {
Ook nu nog is Pf6 gezonder.} 10. Qd2 O-O 11. Bh6 Nf5 12. Bxg7 Kxg7 13. Qf4 {
Wit wil snel met g4 en h4 tot aanval komen.} Qd8 14. Bxf5 exf5 {Vreemd dat z
zowel gxf5 als Df6 beter vindt. Beide zetten heb ik niet eens overwogen.} 15.
Nbd2 f6 16. h4 Be6 17. Rfe1 Qd7 {Ik had hier de stille hoop dat ik mijn
slechte loper een keer zou kunnen aktiveren door g6-g5 te spelen. Dat zou ook
gaan gebwuren maar op geheel andere wijze dan ik hier kon vermoeden.} 18. Nf1
Nd8 $5 {Dit kwam onverwacht voor mijn tegenstander. Ik vond het zelf wel
logisch. Het paard doet niks op c6 en nu kan het naar f7 of naar e6. Dit
laatste idee was wit geheel ontgaan. Mijn tegenstander dacht nu voor het eerst
langer dan 2' na. Zelfs 10' deze keer.} 19. Ne3 Bf7 $5 {een verrassende zet
waarmee ik een pionoffer beoogde.} (19... Nf7 20. c4 {is prettig voor wit.})
20. h5 Ne6 21. Qh4 g5 $1 22. Nxf5+ Kh8 23. Qh2 Nf4 24. Ng3 {dit was de
stelling die ik voor ogen had toen ik tot Lf7 besloot. Ik sta een pion achter
maar mijn stukken zijn geaktiveerd en de wite dame doet voorlopi niet mee. Het
is echter niet zo duidelijk hoe het nu verder moet.} Rae8 {Na lang nadenken.
een andere gedachte was de pion terugwinnen met} (24... Qc7 25. Re3 Nxh5 26.
Nxh5 (26. Nf5 {ziet er nog sterker uit.}) 26... Qxh2+ 27. Nxh2 Bxh5 28. Re7 Rf7
29. Rae1 {maar daar offer je geen pion voor. Zwart kan hooguit remise houden.})
25. Re3 Re7 ({Je zit onwillekeurig toch telkens te kijken naar varianten
waarmee je pion h5 terugwint, maar ze blijven onaantrekkelijk. Bijv.} 25... Qd6
{bedoeling Da3.} 26. a3 Rxe3 27. fxe3 Nxh5 28. Nxh5 Qxh2+ 29. Kxh2 Bxh5 30. c4
{maar misschien was dit toch wel de moeite waard na bijv.} Re8 31. Re1 Bf7 32.
Nd2 f5) 26. h6 Rfe8 27. Rae1 Bg6 28. Nf1 {Dit is een kritieke stelling. Zwart
heeft heel veel zetten, maar wat is nou de beste. In veel varianten ga ik
plotseling met Db8, dus ik besloot eerst maar eens mijn koning uit de hoek te
halen.} Kg8 $6 ({Het beste was waarschijnlijk de zet van Frans Arp} 28... Bd3 {
De bedoeling is om met Pe2+ of Dc6 pion c3 te veroveren. Wit staat nu ook voor
een moeilijke keus. Nu vind ik de zet waar we in de analyse achteraf niet
opkwamen.} 29. N3d2 {waarschijnlijk de enige zet.} (29. Rxe7 Rxe7 30. Ne3 (30.
Rxe7 Qxe7 31. Ne3 Qa3) 30... Qc6) (29. N1d2 Ne2+) 29... Ne2+ (29... Rxe3 30.
Rxe3 Rc8 31. g3 Ne2+ 32. Kg2 Nc1 {is een rommeltje en waarschijnlijk ook goed
voor wit.}) 30. Kh1 Rxe3 31. Nxe3 Nxc3 (31... Kg8 $5) 32. Rc1 Nb5 33. Nf3 Be4 {
Zwart heeft zijn pion terug, maar wit zal wel beter staan. De stelling is
echter ingewikkeld genoeg om elke uitslag mogelijk te maken.}) 29. Qg3 Kf7 $6 {
Opnieuw Ld3 was beter geweest.} 30. Nxg5+ $1 {Dapper gespeeld. Ik had er wel
naar gekeken maar het een beetje onderschat. Temeer omdat er allerlei andere
zetten waren voor wit die voordeel beloven.} fxg5 31. Qxg5 Ne6 32. Qe5 Kg8 33.
Nh2 Nc7 $2 (33... Nd8 $1 34. Qxe7 Rxe7 35. Rxe7 Qc8 {Om zowel c3 aan te vallen
als het witte paard nog even van g4 weg te houden. De stelling is zeer
onduidelijk.}) 34. Qxe7 Rxe7 35. Rxe7 Qc6 (35... Qd6 36. Rg7+ Kf8 37. Nf3 $16)
36. Ng4 $2 (36. R1e3) 36... Be4 $2 {Ik snap niet waarom ik hier niet op c3
geslagen heb. Ik had noh 10' , dus geen tijdnood.} (36... Qxc3 37. Nf6+ Kf8 38.
Nd7+ Kg8) 37. Re3 {Nu moet wit wel gewonnen staan.} Qd6 38. Rg7+ Kf8 39. Ne5
Ne6 40. Rf7+ Ke8 41. Rxb7 Nd8 (41... Qa6 42. Rb8+ Ke7 43. f3) 42. Rd7 Qa3 43.
Kh2 Qa6 44. Kg1 Qa3 45. Kh2 Qa6 {Inmiddels was Paul Kers op 5-2 gekomen. Juan
de Roda had goede winstkansen, Gertjan misschien ook maar ik heb geen enkele
mogelijkheid om remise uit de weg te gaan. Mijn tegenstander kreg echter te
horen dat de tegenstander van Gertjan tenminste remise ging maken dus was de 5,
5 al binnen en kon mijn tegenstander rustig zijn goede stelling in winst
omzetten.} (45... Qf8 46. Rxd5 Qxh6+ 47. Kg3 Qxe3+ 48. fxe3 Bxd5) 46. c4 Qxh6+
47. Kg1 Nc6 (47... Qg5 48. Nf3 Qg4 49. Rxd5) 48. Rxd5 Bxd5 49. Ng4+ (49. Nxc6+)
49... Qxe3 50. fxe3 Bf7 51. Nf6+ Ke7 52. Nxh7 {Inmiddels had Gertjan toch
gewonnen, stond Juan nog steeds op winst en nu zat ik tegen dit hopeloze
eindspel aan te kijken. Ik speelde vrij ongeconcentreerd en ongeinspireerd
verder. Alleen een wonder kon mij redden. Ik geef maar niet al teveel
commentaar bij het eindspel want het niveau is bedroevend.} Nb4 $6 (52... Bg6
53. Ng5 Bb1 54. a3 Ba2 {was mogelijk beter.}) 53. Ng5 Bg6 $6 (53... Nxa2) 54.
Nf3 Nxa2 55. Kf2 Bc2 (55... Nc1) 56. Nd2 $6 a5 (56... Nc1 $1) 57. c5 Nc1 58. e4
$2 (58. Nc4) 58... Bxb3 $2 (58... Nxb3 $1 59. Nxb3 Bxb3 60. Ke3 Bc2 61. g4 a4
62. Kd2 Bxe4 {met remise.}) 59. Ke3 a4 60. Nb1 Na2 61. d5 Nb4 62. Kd4 Bd1 $2 (
62... Nc2+) 63. Na3 $2 (63. c6) (63. Kc4) 63... Nc2+ 64. Nxc2 Bxc2 65. e5 a3 (
65... Be4 {maakt meteen remise. Ik had de zet gezien maar geen zin om uit te
rekenen of wit de loper kon slaan en ik dacht dat het toch niet uitmaakte.})
66. Kc3 Be4 (66... a2 67. Kb2 Bb3 {is ook remise.}) 67. d6+ Ke6 68. g4 Bc6 $4 (
68... Bd5 {is weer remise.}) 69. Kb3 Kxe5 70. Kxa3 Kf4 71. Kb4 Kxg4 72. Ka5 Kf5
73. Kb6 Be8 74. Kc7 {en zwart geeft op. Ik was zo moe dat ik me niet eens
realiseerde dat ik diverse remisemogelijkheden had gemist.} 1-0

[Event "Eenhoorn-Euwe 1,5-2,5"]
[Site "Amsterdam"]
[Date "2004.01.09"]
[Round "?"]
[White "Zult, Daan"]
[Black "Witt, Rob"]
[Result "1-0"]
[WhiteElo "2220"]
[BlackElo "2266"]
[Annotator "Witt,Rob"]
[PlyCount "75"]

{In het schaken maak je altijd weer wat nieuws mee. Binnen 24 uur heb ik 2x
verloren met dezelfde variant. Dat was me nog niet eerder overkomen. Eerst
donderdag 8 januari op de clubavond tegen Gertjan en een dag later voor de
knsb-beker tegen Daan Zult. Deze laatste partij was de interessantste en de
afschuwelijkste.} 1. e4 e6 2. d4 d5 3. e5 c5 4. c3 Nc6 5. Nf3 Qb6 6. a3 Nh6 7.
b4 cxd4 8. cxd4 Nf5 9. Bb2 Be7 10. h4 a5 $5 {Hiermee wijk ik af van mijn
partij tegen Gertjan van der Hoeven een dag eerder (!) in de interne
competitie. Ik had Daan Zult die avond een paar keer aan mijn bord zien staan
en aangezien ik overtuigend verloor moest er ergens afgeweken worden.Die
afwijking was niet moeilijk te vinden want 's middag ontdekte ik thuis dat ik
3 maanden geleden al had besloten om 10.... a5 te spelen i.p.v. h5. Dit naar
aanleiding van een analyse van de partij Gertjan-Ligterink die Gertjan ook al
overtuigend won. Helaas was dit mooie voornemen mij geheel ontschoten.} ({
Tegen Gertjan verloor ik overigens als volgt:} 10... h5 11. Bd3 a5 12. Bxf5
exf5 13. Nc3 Be6 14. b5 a4 15. O-O (15. Qd3 {is ook interessant.}) 15... Na5
16. Qxa4 O-O 17. Rfb1 Rfc8 ({In de voetsporen van Ligterink, maar ik zou nu de
voorkeur geven aan direkt} 17... Nc4) 18. Qd1 Nc4 19. Ne2 $146 ({Tegen
Ligterink vervolgde Gertjan zwakker met} 19. Bc1 {waarop zwart sterk had
kunnen voortzetten met} Nxe5 $1) 19... Qxb5 20. Bc1 Qd7 21. Bg5 (21. Ng5 $5)
21... Rxa3 $2 (21... Bxa3 22. Nf4 Bf8 23. Nxh5 b5 {lijkt me niet duidelijk.
Tijdens de partij heb ik ondanks lang nadenken de stelling niet kunnen
doorgronden. Het blijkt belangrijk om de zwarte loper op het bord te houden en
h5 niet te dekken omdat anders de zwarte kongsstelling te zwak wordt.}) 22. Nf4
$6 (22. Bxe7 $5) 22... g6 $2 (22... Bf8 $1 {zie vorige opmerking.}) 23. Bxe7
Qxe7 24. Ng5 {Wit heeft de ideale opstelling bereikt. De zwarte pluspion stelt
niks voor en hij kan alleen maar afwachten hoe wit het uitmaakt.} Rxa1 25. Rxa1
Kg7 ({Taaier was} 25... Qe8) 26. Ra7 Rb8 27. Qb3 Qd7 28. Qg3 Qe8 {Treurige
noodzaak} 29. Nxh5+ Kf8 30. Nh7+ {en opgegeven.}) 11. b5 a4 12. g4 Nh6 13. Rg1
Na5 {Hoewel ik dit 's middags nog even op bord had gehad kwam het me tijdens
de partij niet erg bekend voor. Het is wel erg treurig gesteld met mijn
geheugen.} 14. Nc3 $2 ({Tijdens de partij maakte ik me meer zorgen over} 14.
Qxa4 {en dat blijkt ook de beste zet te zijn. Als mijn analyses kloppen geeft
ook dit geen voordeel.}) 14... Nb3 15. Rb1 $6 ({Daan gaf na afloop aan dat hij
de andere torenzet had moeten spelen} 15. Ra2 {maar ook hiermee is al een
partij gespeeld die ik 's middags had gezien en weer vergeten. Het is allemaal
goed voor zwart.}) ({Relatief het beste was} 15. Nxa4 Qa5+ 16. Bc3 Qxa4 17. Rb1
Nc5 18. dxc5 Qe4+ 19. Be2 Bxc5 20. Bb4 b6 {en zwart staat iets beter.}) 15...
Qa5 {Brengt wendingen met Lxa3 in de stelling. Daarom was Ta2 beter geweest.}
16. Qd3 Bd7 17. Rg3 $2 {Dit heeft geen zin. Wit moet zo snel mogelijk zijn
koning uit de penning halen met Le2 en Kf1.} Rc8 18. Ng5 ({Iets beter was} 18.
Nd2 Nxd2 19. Qxd2 Bxh4 $17) 18... Rc4 {Gemist door wit. Zwart staat gewonnen.
Ik zag bij de andere borden dat Gertjan waarschijnlijk wel zou winnen en
Tigran en Alje stonden ook niet slecht. Dat ging dus minstens 3-1 worden.} 19.
Qe3 $5 {Het uitroepteken is niet omdat het zo'n goede zet is (integendeel),
maar omdat Wit in de schwindelmode gaat.} ({Objektief beter was} 19. Nf3 {bijv.
} Bxa3 20. Nd2 Bxb2 21. Rxb2 Rb4 $17) 19... Rxd4 20. Be2 Bc5 21. Kf1 {Van mijn
re sterende 3 kwartier trok ik nu de helft uit om te bezien wat nu de
duidelijkste winstmethode is. Helaas ben ik daar niet in geslaagd.} Rd1+ $2 {
Ik voelde ook wel aan dat dit niet de beste oplosing was maar ik zag geen
betere. Zoals zo vaak was mijn eerste gedachte natuurlijk de beste.} (21...
Rxg4 $1 22. Rxg4 Bxe3 23. Rxa4 Qd8 {Deze zet van Daan had ik niet gezien, maar
andere damezetten waren ook goed en misschien zelfs nog beter, bijv.} (23...
Qc7 24. Ra8+ Ke7 25. Rxh8 Nd2+ 26. Kg2 Nxb1 27. Nxb1 Qc2 $19) 24. fxe3 Nd2+ 25.
Kf2 Nxb1 26. Nxb1 Nf5) ({Ook goed was} 21... Nxg4 22. Bxg4 Rxg4 23. Qe1 Bxb5+
24. Nxb5 Qxb5+ 25. Kg2 Qc4) 22. Rxd1 Bxe3 23. Rxe3 {Dit kwam voor mij als een
verrassing, ik dact dat fxe3 gedwongen was.} O-O 24. Nge4 d4 25. Red3 Be8 $2 {
Dit speelde ik snel omdat ik natuurlijk dacht dat het een goede zet was, mar
vooral omdat ik dacht dat Daan dit overzien had.} ({Veel sterker was} 25... Qa7
26. Nd6 dxc3 27. Bxc3 {en in verge lijking met de partij staat mijn dame nu
niet aangevallen en kan ik een nuttige zet doen als} f5 $1) 26. Nd6 dxc3 27.
Bxc3 Qc7 $6 (27... Qb6 $1 28. Bb4 f6) 28. Bb4 {Hoewel ik nog en kwartier had,
begon ik me steeds ongemakkelijker te voelen. Zou ik dit echt nog
gaanverzieken?} Nc5 29. b6 {Weer zo'n schwindelzet} (29. Rc3 b6) 29... Qxb6 $2
{weer niet de beste} (29... Qc6 $1 {Dit had ik notabene gezien maar om
onduidelijke redenen niet gespeeld.} 30. Bf3 (30. Rh3 Na6) 30... Qxb6 31. Rc3
Na6 32. Nc4 Bb5 {Dit had ik geloof ik overzien.}) 30. Rc3 Nd7 $2 ({Pas nu zag
ik dat het geplande} 30... Na6 {faalt op} 31. Nc8 {met damewinst!}) ({Mogelijk
was de Fritzzet} 30... Bb5 31. Bxb5 (31. Nxb5 Ne4 32. Re3 Nxg4 33. Bxg4 Qxb5+
34. Kg2 Nc5 $17) 31... Ne4 32. Nxe4 Qxb5+ 33. Kg1 Qxe5 34. Bxf8 Kxf8 35. Rd7 g6
36. Rc8+ Kg7 37. Nd6 Nxg4 38. Rxf7+ Kh6 39. Rcc7 Qh2+ 40. Kf1 Nf6) ({Ik zag
nog wel een remise met} 30... Qc6 {dreigt mat} 31. Bf3 Qa6+ 32. Be2 Qc6 {
maar dat vond ik eigenlijk schandalig.} ({Fritz ziet natuurlijk weer andere
wendingen} 32... Qa8 $1 33. Bxc5 b6 34. Bf3 Bc6 35. Bxc6 Qxc6 36. Bd4 Qh1+ 37.
Ke2 Qxh4 {en zwart heeft nog winstkansen.})) 31. Nc8 Qd8 32. Ne7+ {Weer gemist.
Ik had alleen gekeken naar} (32. Be7 Qa5) 32... Kh8 33. Rc8 Qb6 34. Rxd7 $4 ({
Winnend was eerst} 34. Rd6 {en na een eventueel} Qa7 {pas} 35. Rxd7) 34... g5
$4 (34... Nxg4 $1 {dreigt mat} 35. Bc5 (35. Bxg4 Qb5+ 36. Be2 Qxd7 $19) (35.
Be1 Qb2 36. Rdd8 Qxa3) 35... Qb1+ 36. Rd1 Qe4 37. f3 Ne3+ 38. Bxe3 Qxe3 39.
Rdd8 h5 40. Rxe8 Rxe8 41. Rxe8+ Kh7 42. Rb8 Qxa3 43. Rxb7 {en de zwarte a-pion
kan nog gevaarlijk worden.}) 35. Rd6 $1 {Nu is alles weer in orde voor wit. Ik
had alleen gekeken naar} (35. hxg5 Nxg4 {met soortgelijke kansen als bij de
vorige zet.}) 35... Qa7 36. hxg5 Nxg4 37. Bxg4 Bb5+ 38. Kg1 {en totaal
verbijsterd gaf ik op. Gelukkig was het niet fataal vor de wedstrijd. Gertjan
en Tigran gingen winnen, maar bij Alje werd het onduidelijk. We zagen al het
spookbeeld dat Alje ging verliezen en dat we dan alsnog moesten vluggeren
tegen die snelle jongens van De Eenhoorn. Godzijdank wist Alje remise te maken.
} 1-0